|
|
|
|
| LEADER |
03358nam a2200769 a 4500 |
| 001 |
nkc20112172179 |
| 003 |
CZ PrNK |
| 005 |
20170419105707.0 |
| 007 |
ta |
| 008 |
110311s2010 xr f 001 0dcze |
| 015 |
|
|
|a cnb002172179
|
| 020 |
|
|
|a 978-80-86495-70-5
|q (brož.)
|
| 035 |
|
|
|a (OCoLC)713798098
|
| 040 |
|
|
|a ABA001
|b cze
|
| 041 |
0 |
|
|a cze
|a ger
|b eng
|b ger
|
| 043 |
|
|
|a e-xr---
|
| 045 |
|
|
|a w4x4
|
| 072 |
|
7 |
|a 316.3
|x Globální společnosti. Sociální struktura. Sociální skupiny
|2 Konspekt
|9 18
|
| 080 |
|
|
|a 141.72
|2 MRF
|
| 080 |
|
|
|a 316.423.6-055.2
|2 MRF
|
| 080 |
|
|
|a 316.346.2-055.2
|2 MRF
|
| 080 |
|
|
|a 316.362.1-055.52
|2 MRF
|
| 080 |
|
|
|a 37.0
|2 MRF
|
| 080 |
|
|
|a 331
|2 MRF
|
| 080 |
|
|
|a 308
|2 MRF
|
| 080 |
|
|
|a (437.3)
|2 MRF
|
| 080 |
|
|
|a (048.8:082)
|2 MRF
|
| 080 |
|
|
|a (093)
|2 MRF
|
| 100 |
1 |
|
|a Bahenská, Marie,
|d 1970-
|7 mzk2005300727
|4 aut
|4 com
|
| 245 |
1 |
0 |
|a Ženy na stráž! :
|b české feministické myšlení 19. a 20. století /
|c Marie Bahenská, Libuše Heczková, Dana Musilová
|
| 246 |
3 |
0 |
|a České feministické myšlení 19. a 20. století
|
| 250 |
|
|
|a Vyd. 1.
|
| 260 |
|
|
|a Praha :
|b Masarykův ústav a Archiv Akademie věd České republiky,
|c 2010
|
| 300 |
|
|
|a 335 s. ;
|c 21 cm
|
| 504 |
|
|
|a Obsahuje bibliografii, bibliografické odkazy a rejstřík
|
| 546 |
|
|
|a Část. německý text, anglické a německé resumé
|
| 648 |
|
7 |
|a 19.-20. století
|7 ch757015
|2 czenas
|
| 648 |
|
4 |
|a 1848-1948
|
| 650 |
0 |
7 |
|a feminismus
|7 ph120150
|z Česko
|y 19.-20. století
|2 czenas
|
| 650 |
0 |
7 |
|a ženská emancipace
|7 ph127961
|z Česko
|y 19.-20. století
|2 czenas
|
| 650 |
0 |
7 |
|a ženy
|7 ph127967
|z Česko
|y 19.-20. století
|2 czenas
|
| 650 |
0 |
7 |
|a mateřství
|7 ph122684
|z Česko
|y 19.-20. století
|2 czenas
|
| 650 |
0 |
7 |
|a vzdělávání
|7 ph127311
|z Česko
|y 19.-20. století
|2 czenas
|
| 650 |
0 |
7 |
|a práce
|7 ph115908
|z Česko
|y 19.-20. století
|2 czenas
|
| 650 |
0 |
9 |
|a feminism
|z Czechia
|y 19th-20th centuries
|2 eczenas
|
| 650 |
0 |
9 |
|a emancipation of women
|z Czechia
|y 19th-20th centuries
|2 eczenas
|
| 650 |
0 |
9 |
|a women
|z Czechia
|y 19th-20th centuries
|2 eczenas
|
| 650 |
0 |
9 |
|a motherhood
|z Czechia
|y 19th-20th centuries
|2 eczenas
|
| 650 |
0 |
9 |
|a education
|z Czechia
|y 19th-20th centuries
|2 eczenas
|
| 650 |
0 |
9 |
|a labor
|z Czechia
|y 19th-20th centuries
|2 eczenas
|
| 651 |
|
7 |
|a Česko
|7 ge128065
|x sociální poměry
|y 19.-20. století
|2 czenas
|
| 651 |
|
9 |
|a Czechia
|x social conditions
|y 19th-20th centuries
|2 eczenas
|
| 655 |
|
7 |
|a kolektivní monografie
|7 fd501537
|2 czenas
|
| 655 |
|
7 |
|a prameny
|7 fd131865
|2 czenas
|
| 655 |
|
9 |
|a collective monographs
|2 eczenas
|
| 655 |
|
9 |
|a sources
|2 eczenas
|
| 700 |
1 |
|
|a Heczková, Libuše,
|d 1967-
|7 xx0050197
|4 aut
|4 com
|
| 700 |
1 |
|
|a Musilová, Dana,
|d 1958-
|7 mzk2006322692
|4 aut
|4 com
|
| 856 |
4 |
1 |
|u https://www.digitalniknihovna.cz/mzk/uuid/uuid:a48dba80-3d18-11e6-a5c5-005056827e51
|y Digitalizovaný dokument
|x NDK
|
| 910 |
2 |
|
|a BOA001
|b 2-1263.196
|
| 928 |
9 |
|
|a Archiv Akademie věd České republiky
|
| 990 |
|
|
|a BK
|
| 995 |
|
|
|a 01
|
| 991 |
|
|
|b 201103
|c NOV
|j 14 BAH
|e n
|
| 996 |
6 |
|
|b 2610473025
|c 2-1263.196
|l MZK
|r Sklad / do 1 hodiny
|n 16
|p p.v.
|w 001172779
|u 000010
|a 1
|e BOA001
|j MZK50
|s P
|
| 996 |
7 |
|
|b 2610473948
|c 2-1263.196
|l Vol.výběr
|r VV 0p
|n 42
|p kup
|h 14 BAH
|w 001172779
|u 000020
|a 0
|e BOA001
|j MZK50
|s A
|
| 996 |
6 |
|
|b 2610705069
|c 2-1263.196
|l MZK
|r HSS 4p
|n 0
|p kup
|h 14 BAH
|w 001172779
|u 000030
|a 0
|e BOA001
|j MZK50
|s P
|